书目信息 |
| 题名: |
电力系统工程CAD设计与实训
|
|
| 作者: | 尧有平 , 李晓华 主编 | |
| 分册: | ||
| 出版信息: | 北京 北京理工大学出版社 2008.08 |
|
| 页数: | 141页 | |
| 开本: | 23cm | |
| 丛书名: | ||
| 单 册: | ||
| 中图分类: | TM7-39 | |
| 科图分类: | ||
| 主题词: | 电力工程--dian li gong cheng--计算机傅辅助设计--应用软件--教材 | |
| 电子资源: | ||
| ISBN: | 978-7-5640-1697-5 | |
| 000 | 00968nam0 2200265 450 | |
| 001 | 012009026859 | |
| 005 | 20090623141134.00 | |
| 010 | @a978-7-5640-1697-5@dCNY18.00 | |
| 100 | @a20090623d2008 em y0chiy0120 ea | |
| 101 | 0 | @achi |
| 102 | @aCN@b110000 | |
| 105 | @aak a 000yy | |
| 106 | @ar | |
| 200 | 1 | @a电力系统工程CAD设计与实训@Adian li xi tong gong cheng CAD she ji yu shi xun@f尧有平, 李晓华主编@Fyao you ping,li xiao hua zhu bian |
| 210 | @a北京@c北京理工大学出版社@d2008.08 | |
| 215 | @a141页@c图@d23cm | |
| 300 | @a21世纪高职高专规划教材·自动化类 | |
| 320 | @a有书目 | |
| 330 | @a本书主要内容包括:Auto CAD 2007的基本知识,Auto CAD 2007用户,Auto CAD 2007基本绘图命令和图形修改命令简介等。 | |
| 606 | 0 | @a电力工程@Adian li gong cheng@x计算机傅辅助设计@x应用软件@j教材 |
| 690 | @aTM7-39@v4 | |
| 701 | 0 | @a尧有平@Ayao you ping@4主编 |
| 701 | 0 | @a李晓华@Ali xiao hua@4主编 |
| 801 | 0 | @aCN@bQSSK@c20090623 |
| 905 | @b747163-65@dTM7-39@eY348@f3 | |
| 电力系统工程CAD设计与实训/尧有平, 李晓华主编.-北京:北京理工大学出版社,2008.08 |
| 141页:图;23cm |
| 21世纪高职高专规划教材·自动化类 |
| ISBN 978-7-5640-1697-5:CNY18.00 |
| 本书主要内容包括:Auto CAD 2007的基本知识,Auto CAD 2007用户,Auto CAD 2007基本绘图命令和图形修改命令简介等。 |
| ● |
| 相关链接 |
|
|
|
正题名:电力系统工程CAD设计与实训
索取号:TM7-39/Y348
 
预约/预借
| 序号 | 登录号 | 条形码 | 馆藏地/架位号 | 状态 | 备注 |
| 1 | 747163 | 207471635 | 自科库301/301自科库 16排4列2层/ [索取号:TM7-39/Y348] | 在馆 | |
| 2 | 747164 | 207471644 | 自科库301/301自科库 16排4列2层/ [索取号:TM7-39/Y348] | 在馆 | |
| 3 | 747165 | 207471653 | 自科库301/301自科库 16排4列2层/ [索取号:TM7-39/Y348] | 在馆 |